Normal view
MARC view
- مكي، عباس / م.مشارك زهير حطب
Entry Personal Name
001 - CONTROL NUMBER
- control field: 35753
003 - CONTROL NUMBER IDENTIFIER
- control field: JO-AjAnu
005 - DATE AND TIME OF LATEST TRANSACTION
- control field: 20230606075957.0
008 - FIXED-LENGTH DATA ELEMENTS
- fixed length control field: 230606|| aca||aabn | a|a d
040 ## - CATALOGING SOURCE
- Original cataloging agency: JO-AjAnu
- Transcribing agency: JO-AjAnu
100 ## - HEADING--PERSONAL NAME
- Personal name: مكي، عباس / م.مشارك زهير حطب
670 ## - SOURCE DATA FOUND
- Source citation: Work cat.: (JO-AjAnu)18359: مكي، عباس / م.مشارك زهير حطب, author, السلطة الابوية والشباب: دراسة ميدانية اجتماعية نفسية حول طبيعة السلطة وتمثلها